[Event "Hennebont Grand Prix U14"]
[Site "Hennebont"]
[Date "2006.08.05"]
[Round "2"]
[White "Le Berre, Alexandre"]
[Black "Bultez, Quentin"]
[Result "1-0"]
[WhiteElo "1130"]
[BlackElo "1009"]
[PlyCount "75"]
[EventDate "2006.08.06"]
[EventType "swiss"]
[EventRounds "7"]
[EventCountry "FRA"]
[SourceTitle "EXT 2008"]
[Source "ChessBase"]
[SourceDate "2007.11.25"]
[SourceVersion "1"]
[SourceVersionDate "2007.11.25"]
[SourceQuality "1"]

1. e4 e5 2. Nf3 Nc6 3. Bb5 Bb4 4. c3 a6 5. Bxc6 bxc6 6. cxb4 Nf6 7. Qe2 a5 8. bxa5 Ba6 9. Qd1 0-0 10. Nxe5 d6 11. Nxc6 Qd7 12. Nb4 Bd3 13. Nxd3 Rxa5 14. b4 Rb5 15. Qa4 Nxe4 16. Nc3 Ng5 17. Qxb5 c6 18. Qxg5 f6 19. Qe3 Re8 20. Ne4 c5 21. bxc5 dxc5 22. Ndxc5 Qc6 23. 0-0 Re5 24. f4 Rxc5 25. Nxc5 g5 26. Qe6+ Qxe6 27. Nxe6 Kf7 28. Re1 gxf4 29. Nxf4 Kg7 30. Nh5+ Kg6 31. Nxf6 Kxf6 32. Re4 Kf5 33. Ra4 h6 34. Rb1 h5 35. Rb5+ Kf6 36. Ra6+ Kg7 37. Rb7+ Kh8 38. Ra8# 1-0